000
00181 a2200097 4500
020
_a
9780399161308
041
_a
eng
100
_a
Mark Leibovich
245
_a
This Town
942
_c
BK
999
_c
11402
_d
11402